UBT Library

A dictionary of statistics / (Record no. 41404)

000 -LEADER
fixed length control field 00930cam a22002654a 4500
001 - CONTROL NUMBER
control field 12790046
005 - DATE AND TIME OF LATEST TRANSACTION
control field 20180131082502.0
008 - FIXED-LENGTH DATA ELEMENTS--GENERAL INFORMATION
fixed length control field 020528s2002 enka bd 000 0 eng
010 ## - LIBRARY OF CONGRESS CONTROL NUMBER
LC control number 2002074259
020 ## - INTERNATIONAL STANDARD BOOK NUMBER
International Standard Book Number 0192801007
020 ## - INTERNATIONAL STANDARD BOOK NUMBER
International Standard Book Number 0198609507 (2004 printing)
040 ## - CATALOGING SOURCE
Original cataloging agency DLC
Transcribing agency DLC
Modifying agency DLC
041 ## - LANGUAGE CODE
Language code of text/sound track or separate title eng
042 ## - AUTHENTICATION CODE
Authentication code pcc
080 ## - UNIVERSAL DECIMAL CLASSIFICATION NUMBER
Universal Decimal Classification number 519.503 UPT
082 00 - DEWEY DECIMAL CLASSIFICATION NUMBER
Classification number 519.503 UPT
Edition number 21
100 1# - Rafti
Rafti 55
101 ## - Shkurtesa
Shkurtesa STA
245 12 - TITLE STATEMENT
Title A dictionary of statistics /
Statement of responsibility, etc Graham Upton and Ian Cook.
504 ## - BIBLIOGRAPHY, ETC. NOTE
Bibliography, etc Includes bibliographical references (p. 418-420).
530 ## - ADDITIONAL PHYSICAL FORM AVAILABLE NOTE
Additional physical form available note Available also online via the Internet.
906 ## - LOCAL DATA ELEMENT F, LDF (RLIN)
a 7
b cbc
c orignew
d 1
e ocip
f 20
g y-gencatlg
942 ## - ADDED ENTRY ELEMENTS (KOHA)
Source of classification or shelving scheme
Item type Books
Holdings
Withdrawn status Lost status Source of classification or shelving scheme Damaged status Not for loan Collection code Permanent location Current location Shelving location Date acquired Total Checkouts Full call number Barcode Date last seen Price effective from Koha item type
          Koleksioni i përgjithshem UBT - Lipjan UBT - Lipjan Koleksioni i përgjithshem 01/31/2018   519.503 UPT 002-2997108 01/31/2018 01/31/2018 Books
UBT Library © 2015-2024. All rights reserved University Education for Business and Technology